|
|
|
|
| LEADER |
00000nla2a2200000 4500 |
| 001 |
238581 |
| 005 |
20231031205157.0 |
| 035 |
|
|
|a (RuTPU)RU\TPU\book\259776
|
| 035 |
|
|
|a RU\TPU\book\259774
|
| 090 |
|
|
|a 238581
|
| 100 |
|
|
|a 20130529d2012 k y0rusy50 ca
|
| 101 |
0 |
|
|a rus
|
| 102 |
|
|
|a RU
|
| 105 |
|
|
|a y z 100zy
|
| 135 |
|
|
|a drcn ---uucaa
|
| 181 |
|
0 |
|a i
|
| 182 |
|
0 |
|a b
|
| 200 |
1 |
|
|a Конкурентоспособность компаний как основа экономического роста в сфере нефтегазодобычи
|b Электронный ресурс
|f О. В. Пожарницкая
|
| 203 |
|
|
|a Текст
|c электронный
|
| 215 |
|
|
|a 1 файл (525 Кб)
|
| 225 |
1 |
|
|a Экономика минерального и углеводородного сырья. Горное право
|
| 230 |
|
|
|a Электронные текстовые данные (1 файл : 525 Кб)
|
| 300 |
|
|
|a Заглавие с титульного листа
|
| 320 |
|
|
|a [Библиогр.: с. 733 (3 назв.)]
|
| 337 |
|
|
|a Adobe Reader
|
| 461 |
|
1 |
|0 (RuTPU)RU\TPU\book\252494
|t Проблемы геологии и освоения недр
|o труды XVI Международного симпозиума имени академика М. А. Усова студентов и молодых ученых, Томск, 2-7 апреля 2012 г.
|o в 2 т.
|f Национальный исследовательский Томский политехнический университет (ТПУ), Институт природных ресурсов (ИПР) ; Общество инженеров-нефтяников, Студенческий чаптер ; под ред. О. Г. Савичева
|d 2012
|
| 463 |
|
1 |
|0 (RuTPU)RU\TPU\book\252518
|t Т. 2
|v [С. 731-733]
|d 2012
|
| 610 |
1 |
|
|a труды учёных ТПУ
|
| 610 |
1 |
|
|a электронный ресурс
|
| 610 |
1 |
|
|a конкурентоспособность
|
| 610 |
1 |
|
|a нефтегазовые компании
|
| 610 |
1 |
|
|a экономический рост
|
| 610 |
1 |
|
|a нефтегазодобыча
|
| 610 |
1 |
|
|a SWOT-анализ
|
| 610 |
1 |
|
|a матрица BCG
|
| 610 |
1 |
|
|a метод экспертных оценок
|
| 610 |
1 |
|
|a сравнительный анализ
|
| 700 |
|
1 |
|a Пожарницкая
|b О. В.
|c экономист
|c доцент Томского политехнического университета, кандидат экономических наук
|g Ольга Вячеславовна
|2 stltpush
|3 (RuTPU)RU\TPU\pers\30204
|
| 801 |
|
1 |
|a RU
|b 63413507
|c 20130205
|
| 801 |
|
2 |
|a RU
|b 63413507
|c 20130719
|g RCR
|
| 856 |
4 |
|
|u http://www.lib.tpu.ru/fulltext/c/2012/C11/V2/345.pdf
|
| 942 |
|
|
|c CF
|